000 01697nam a2200301Ia 4500
999 _c54991
_d54991
001 22062
003 GE_BSU
005 20221010120126.0
008 181216s ||||ge |||||||||||||| ||geo||
020 _a9789941132469
040 _cGE_BSU
041 _ageo
080 _a902.22(479.22) ჯ-26
100 _aჯაფარიძე, ოთარ
_915176
245 _aსაქართველოს არქეოლოგიის ძირითადი საკითხები :
_bსტატიები, წერილები, მოგონებები /
_cოთარ ჯაფარიძე ; რედ. გურამ გრიგოლია.
264 _aთბილისი :
_bთბილ. უნ-ტის გამ-ბა,
_c2012.
300 _a624 გვ. :
_bილ. ;
_c26 სმ.
541 _h34ლ.50თ.
653 _aარქეოლოგია
653 _aსაქართველოს არქეოლოგიის ძირითადი საკითხები
653 _aსტატიები
653 _aწერილები
653 _aმოგონებები
653 _aწიგნი განკუთვნილია საქარტველოს არქეოლოგიით დაინტერესებული მკითხველთათვის
700 _aგრიგოლია, გურამ
_eრედაქტორი
_915177
710 _aივანე ჯავახიშვილის სახელობის თბილისის სახელმწიფო უნივერსიტეტი
_915180
942 _cBK
_2udc